Normal view
MARC view
- Professional ethics.
Entry Topical Term
001 - CONTROL NUMBER
- control field: 52558
003 - CONTROL NUMBER IDENTIFIER
- control field: OSt
005 - DATE AND TIME OF LATEST TRANSACTION
- control field: 20240216095108.0
008 - FIXED-LENGTH DATA ELEMENTS
- fixed length control field: 240216|| aca||aabn | a|a d
040 ## - CATALOGING SOURCE
- Original cataloging agency: OSt
- Transcribing agency: OSt
150 ## - HEADING--TOPICAL TERM
- Topical term or geographic name entry element: Professional ethics.
670 ## - SOURCE DATA FOUND
- Source citation: Work cat.: (OSt)19160: Nabe, Nestor C. 12047, Professional conduct and ethical standards /, ©2023.
